书目信息 |
| 题名: |
语文知识转型与课程改革
|
|
| 作者: | 毋小利 著 | |
| 分册: | ||
| 出版信息: | 北京 新华出版社 2017 |
|
| 页数: | 242页 | |
| 开本: | 24cm | |
| 丛书名: | ||
| 单 册: | ||
| 中图分类: | H191 | |
| 科图分类: | ||
| 主题词: | 汉语--语文教学--课程改革 | |
| 电子资源: | ||
| ISBN: | 978-7-5166-3522-3 | |
| 000 | 00798nam0 2200229 450 | |
| 001 | 012001001329 | |
| 005 | 20140921103355.0 | |
| 010 | @a978-7-5166-3522-3@b精装@dCNY68.00 | |
| 100 | @a20180412d2017 em y0chiy50 ea | |
| 101 | 0 | @achi |
| 102 | @aCN@b110000 | |
| 105 | @ay z 000yy | |
| 106 | @ar | |
| 200 | 1 | @a语文知识转型与课程改革@9yu wen zhi shi zhuan xing yu ke cheng gai ge@f毋小利著 |
| 210 | @a北京@c新华出版社@d2017 | |
| 215 | @a242页@d24cm | |
| 330 | @a本书以语文课程知识的重要价值及除故纳新作为研究的出发点和理论支撑,从语文新课程的理念革新与实施、阅读教学改革、写作教学改革和语文教材改革等几个方面进行了探讨。 | |
| 606 | 0 | @a汉语@x语文教学@x课程改革 |
| 690 | @aH191@v5 | |
| 701 | 0 | @a毋小利@9wu xiao li@4著 |
| 801 | 0 | @aCN@b上海新华@c20180901 |
| 905 | @b1156232-6@dH191@e413@f5 | |
| 语文知识转型与课程改革/毋小利著.-北京:新华出版社,2017 |
| 242页;24cm |
| ISBN 978-7-5166-3522-3(精装):CNY68.00 |
| 本书以语文课程知识的重要价值及除故纳新作为研究的出发点和理论支撑,从语文新课程的理念革新与实施、阅读教学改革、写作教学改革和语文教材改革等几个方面进行了探讨。 |
| ● |
| 相关链接 |
|
|
|
|
正题名:语文知识转型与课程改革
索取号:H191/413
 
预约/预借
| 序号 | 登录号 | 条形码 | 馆藏地/架位号 | 状态 | 备注 |
| 1 | 1156232 | 211562325 | 第二样本阅览室/ [索取号:H191/413] | 在馆 | |
| 2 | 1156233 | 211562334 | 密集书库-文学院/ [索取号:H191/413] | 在馆 | |
| 3 | 1156234 | 211562343 | 第四借阅区/ [索取号:H191/413] | 在馆 | |
| 4 | 1156235 | 211562352 | 第四借阅区/ [索取号:H191/413] | 在馆 | |
| 5 | 1156236 | 211562361 | 第四借阅区/ [索取号:H191/413] | 在馆 |